| 000 | 00650nam a22002057a 4500 | ||
|---|---|---|---|
| 999 |
_c186197 _d186197 |
||
| 005 | 20220311163506.0 | ||
| 010 | _aENG-131628 | ||
| 020 | _a120.00 | ||
| 035 | _aEN-115160 | ||
| 037 | _bDBAD | ||
| 082 | _a581.634 | ||
| 100 | _aRagland, Annie | ||
| 245 |
_aPlant Diversity And Medicinal Botany/ _cAnnie Ragland [et al.] |
||
| 260 |
_aKanyakumari _bSaras Publication _c2017 |
||
| 270 |
_a114/35G, A.R.P. Camp Road, Periavilai, Kottar P.O., Nagercoil _bKanyakumari _e629002 _minfo@saraspublication.com |
||
| 300 |
_aiv, 386p. _c18cm(pbk) |
||
| 700 | _aKumaresan, V. | ||
| 700 | _aArumugam, N. | ||
| 942 |
_2ddc _cEN _h581.634 _mRAG |
||